000 00698nam a2200181Ia 4500
008 151018s9999 xx 000 0 und d
082 _bRBASDV38397
_a303.62
100 _aमान चंद खंडेला
245 _aअमेरिकी आतंक और विश्व समुदाय
250 _b1
260 _bअविष्कार
_c2004
300 _a184
600 _aमान चंद खंडेला
630 _aअमेरिकी आतंक और विश्व समुदाय
700 _aमान चंद खंडेला
730 _aअमेरिकी आतंक और विश्व समुदाय
942 _cBOOK
999 _c1037802
_d1037799